000 00400nam a2200145Ia 4500
008 230411s9999 xx 000 0 und d
020 _a81-8191-081-8
041 _aeng
082 _aD/616.5/KUR/B03551
100 _aKuruvila Maria
_9177778
245 _aEssential Dermatology Venereology and Leprosy
260 _bParas Publishing
_aHyderabad
_c2005
300 _a238p
999 _c154407
_d154407